Margaret Mellis / (Record no. 24305)

000 -LEADER
fixed length control field 01159cam a22003137a 4500
001 - CONTROL NUMBER
control field 16177953
003 - CONTROL NUMBER IDENTIFIER
control field OSt
005 - DATE AND TIME OF LATEST TRANSACTION
control field 20170128105537.0
008 - FIXED-LENGTH DATA ELEMENTS--GENERAL INFORMATION
fixed length control field 100408s2010 enka b 001 0 eng
010 ## - LIBRARY OF CONGRESS CONTROL NUMBER
LC control number 2010926443
015 ## - NATIONAL BIBLIOGRAPHY NUMBER
National bibliography number GBB073450
Source bnb
016 7# - NATIONAL BIBLIOGRAPHIC AGENCY CONTROL NUMBER
Record control number 015578716
Source Uk
020 ## - INTERNATIONAL STANDARD BOOK NUMBER
International Standard Book Number 9781848220485 (hbk.)
020 ## - INTERNATIONAL STANDARD BOOK NUMBER
International Standard Book Number 1848220480 (hbk.)
035 ## - SYSTEM CONTROL NUMBER
System control number (OCoLC)ocn642289068
040 ## - CATALOGING SOURCE
Original cataloging agency UKM
Transcribing agency UKM
Modifying agency ERASA
-- YDXCP
-- BWK
-- CDX
-- DNU
-- BWX
-- CLU
-- IUL
-- DLC
042 ## - AUTHENTICATION CODE
Authentication code lccopycat
050 00 - LIBRARY OF CONGRESS CALL NUMBER
Classification number N6797.M43
Item number L36 2010
082 04 - DEWEY DECIMAL CLASSIFICATION NUMBER
Classification number 709.2
Edition number 22
100 1# - MAIN ENTRY--PERSONAL NAME
Personal name Lambirth, Andrew,
Dates associated with a name 1959-
245 10 - TITLE STATEMENT
Title Margaret Mellis /
Statement of responsibility, etc. Andrew Lambirth.
260 ## - PUBLICATION, DISTRIBUTION, ETC. (IMPRINT)
Place of publication, distribution, etc. Farnham, UK ;
-- Burlington, VT :
Name of publisher, distributor, etc. Lund Humphries,
Date of publication, distribution, etc. 2010.
300 ## - PHYSICAL DESCRIPTION
Extent 192 p. :
Other physical details ill. (chiefly col.) ;
Dimensions 28 cm.
504 ## - BIBLIOGRAPHY, ETC. NOTE
Bibliography, etc Includes bibliographical references (p. 187) and index.
600 10 - SUBJECT ADDED ENTRY--PERSONAL NAME
Personal name Mellis, Margaret
General subdivision Criticism and interpretation.
700 1# - ADDED ENTRY--PERSONAL NAME
Personal name Mellis, Margaret.
906 ## - LOCAL DATA ELEMENT F, LDF (RLIN)
a 7
b cbc
c copycat
d 2
e ncip
f 20
g y-gencatlg
942 ## - ADDED ENTRY ELEMENTS (KOHA)
Source of classification or shelving scheme
Koha item type Hard Covered Materials
Classification part N 6797 .M43L36 2010
Holdings
Withdrawn status Lost status Source of classification or shelving scheme Damaged status Not for loan Home library Current library Shelving location Date acquired Source of acquisition Total Checkouts Full call number Barcode Date last seen Price effective from Koha item type
          MACHAKOS UNIVERSITY LIBRARY MACHAKOS UNIVERSITY LIBRARY Technical section 28/01/2017 Donation (BFA)   N 6797 .M43L36 2010 32436 31/05/2018 28/01/2017 Hard Covered Materials
© Machakos University Library, Along The Highway, Machakos Wote Rd, Machakos, Kenya P.O. Box 136 - 90100 Machakos - Kenya

Tel: ( +254 ) 723 805829 OR Fax : 044-20353 OR Email: library@mksu.ac.ke